Detalles MARC
| 000 -LÍDER |
| Campo fijo de descripción fija |
01917nam a22004334i 4500 |
| 001 - NÚMERO DE CONTROL |
| Campo de control |
321964 |
| 003 - IDENTIFICADOR DEL NÚMERO DE CONTROL |
| Campo de control |
CO-MdFUSB |
| 005 - FECHA Y HORA DE LA ULTIMA TRANSACCIÓN |
| control field |
20180220113715.0 |
| 008 - ELEMENTOS DE LONGITUD FIJA -- INFORMACIÓN GENERAL |
| Campo fijo de descripción fija -- Información general |
910626t19911992inu g b 001 0 eng |
| 010 ## - NÚMERO DE CONTROL DE LA BIBLIOTECA DEL CONGRESO |
| Número de control LC |
91024963 |
| 020 ## - NÚMERO INTERNACIONAL NORMALIZADO PARA LIBROS |
| Número Internacional Normalizado del libro |
0931464625 |
| 040 ## - FUENTE DE CATALOGACIÓN |
| Agencia de catalogación original |
DLC |
| Agencia que realiza la modificación |
CO-MdFUSB |
| Idioma de catalogación |
spa |
| Agencia que realiza la transcripción |
CO-MdFUSB |
| Convenciones de la descripción |
rda |
| 041 ## - CÓDIGO DE IDIOMA |
| Código de idioma para texto/pista de sonido o título separado |
eng |
| 049 ## - LOCAL HOLDINGS (OCLC) |
| Holding library |
PTSS |
| 082 00 - NÚMERO DE CLASIFICACIÓN DECIMAL DEWEY |
| Número de la edición del Dewey |
24 |
| Número de clasificación |
G 230.0411 |
| Clave de autor-Numero de item |
F644o |
| 242 ## - TRADUCCIÓN DEL TÍTULO POR AGENCIA CATALOGADORA |
| Título |
El florecimiento de la teología del Antiguo Testamento |
| Parte restante del título - Subtítulo |
: un lector en la teología del Antiguo Testamento del siglo XX, 1930-1990 |
| Idioma del título original |
Inglés |
| 245 04 - TÍTULO |
| Título del Material |
The Flowering of Old Testament theology |
| Parte restante del título - Subtitulo |
: a reader in twentieth-century Old Testament theology, 1930-1990 |
| Mención de responsabilidad, etc. |
/ editado por Ben C. Ollenburger, Elmer A. Martens, Gerhard F. Hasel. |
| 264 #1 - PRODUCCIÓN, PUBLICACIÓN, DISTRIBUCIÓN, MANUFACTURA, Y COPYRIGHT |
| Lugar de producción, publicación, distribución, manufactura |
Winona Lake, USA : |
| Nombre del productor, publicador, distribuidor |
Eisenbrauns, |
| Fecha de producción, publicación, distribución, manufactura, o copyright |
℗1991 |
| 264 #4 - PRODUCCIÓN, PUBLICACIÓN, DISTRIBUCIÓN, MANUFACTURA, Y COPYRIGHT |
| Fecha de producción, publicación, distribución, manufactura, o copyright |
©1992 |
| 300 ## - DESCRIPCIÓN FÍSICA |
| Extensión |
xii, 547 páginas |
| Dimensiones |
24 cm. |
| Otros detalles físicos |
: |
| 336 ## - TIPO DE CONTENIDO |
| Fuente |
rdacontent |
| Término de tipo de contenido |
texto |
| Código de tipo de contenido |
txt |
| 337 ## - TIPO DE MEDIO |
| Fuente |
rdamedia |
| Nombre del tipo de medio |
sin mediación |
| Código del tipo de medio |
n |
| 338 ## - TIPO DE SOPORTE |
| Fuente |
rdacarrier |
| Nombre del tipo de soporte |
volumen |
| Código Tipo de soporte |
nc |
| 440 #0 - MENCIÓN DE SERIE /ASIENTO SECUNDARIO-- TITULO |
| Designación numérica/secuencial del volumen |
1 |
| 490 ## - MENCIÓN DE SERIE |
| Mención de serie |
Sources for Biblical and Theological Study |
| 501 ## - NOTA DE “CON” |
| Nota de Contenido |
Incluye indice de tópicos (páginas 521-524)<br/>Incluye indice de autoridades (páginas 525-531)<br/>Incluye indice de referencias bíblicas (páginas 532-547) |
| 504 ## - NOTA DE BIBLIOGRAFÍA, ETC. |
| Nota de bibliografía, etc |
Incluye referencias bibliográficas (páginas 503-520)<br/> |
| 505 ## - NOTA DE CONTENIDO |
| Título |
Prólogo serie. -- |
| -- |
Prólogo editor. -- |
| -- |
Abreviaciones. -- |
| -- |
Parte 1: preparando el escenario. -- |
| -- |
Parte 2: muestreo de la teología del antiguo testamento. -- |
| -- |
Parte 3: El camino a seguir: teología del antiguo testamento en el siglo XXI. -- |
| -- |
Apéndice. |
| 563 ## - NOTA DE ENCUADERNACIÓN |
| Nota de encuadernación |
Tapa dura |
| 650 #7 - ASIENTO SECUNDARIO DE MATERIA - TERMINO TEMÁTICO |
| 9 (RLIN) |
320 |
| Término temático o nombre geográfico como elemento de entrada |
Teología bíblica |
| 700 1# - ASIENTO SECUNDARIO - NOMBRE PERSONAL |
| Nombre personal |
Ollenburger, Bennie Charles. |
| Responsabilidad |
editor |
| 700 1# - ASIENTO SECUNDARIO - NOMBRE PERSONAL |
| Nombre personal |
Martens, E. A. |
| Responsabilidad |
editor |
| 700 1# - ASIENTO SECUNDARIO - NOMBRE PERSONAL |
| Nombre personal |
Hasel, Gerhard F. |
| Responsabilidad |
editor |
| 942 ## - TIPO DE MATERIAL (KOHA) |
| Tipo de Item KOHA |
Libros General |